000 00798nam0a22002531 4500
001 rc\4115042
005 20250611000956.0
021 _aRU
_b[55-10471]
035 _a(NLR Aleph) 007979341
090 _a8509955
_c8509955
100 _a20130415d1955 |||y0rusy50 ca
101 0 _arus
102 _aRU
105 _ay z |||a|
200 1 _aПовести
_e[Между людьми. В гимназии]
210 _aСвердловск
_cКн. изд-во
_d1955
215 _a388 с.
_d21
464 0 _12001#$aМежду людьми$aВ гимназии
_tВ гимназии
700 1 _aФилиппова
_bК.В.
_f1902-1950
_gКлавдия Владимировна
801 0 _aRU
_bNLR
_gpsbo
801 1 _aRU
_bELAR
_2rusmarc
852 _aNLR
_jЛ30 Г-3/4064
942 _cBOOK
980 _aNB